• 首页
  • 本馆介绍
  • 公告通知
  • 最新文献
  • 馆藏检索
  • 电子资源
  • 读者导购
  • 参考咨询
  • 我的图书馆
  • 登录
  • 详细信息显示
  • 放入我的书架
  • 预约/预借图书
  • 作者相关作品
  • 分类相关作品
  • 丛书相关作品
  • 出版社相关作品

书目信息

  • 表格格式
  • 工作单格式
  • 卡片格式
题名:
SEARS《大学物理》解题指南
    
 
作者: 福特 著 ;王靖华 , 金泽宸 , 蔡峰怡 译
分册:  
出版信息: 北京   科学技术文献出版社  1984.8
页数: 399页
开本: 20cm
丛书名:
单 册:
中图分类: O4-44
科图分类:
主题词: 物理学
电子资源:
ISBN:
000 00707nam0 2200229 45
001 0405191669
005 20051116160648.95
010    @dCNY1.60
091    @a13176.173
100    @a20040519d1984 km y0chiy0120 ea
101 0  @achi@ceng
200 1  @aSEARS《大学物理》解题指南@ASEARS《Da Xue Wu Li》Jie Ti Zhi Nan@f(美)A·L·福特著@F(mei)A·L·fu te zhu@g蔡峰怡,王靖华,金泽宸等译
210    @a北京@c科学技术文献出版社@d1984.8
215    @a399页@d20cm
606 0  @a物理学
690    @aO4-44@v3
701  0 @a福特@Afu te@4著
702  0 @a王靖华@AWang Jing Hua@4译
702  0 @a金泽宸@AJin Ze Chen@4译
702  0 @a蔡峰怡@ACai Feng Yi@4译
801    @aCN@bPftUser@c20051116
905    @dO4-44@e117@b134028@f1
    
    SEARS《大学物理》解题指南/(美)A·L·福特著/蔡峰怡,王靖华,金泽宸等译.-北京:科学技术文献出版社,1984.8
    399页;20cm
    
    
    ISBN :CNY1.60
    
●
相关链接 在E读中查询图书 在五车中查询图书 在当当中查询图书 在豆瓣中查询图书


正题名:SEARS《大学物理》解题指南     索取号:O4-44/117         预约/预借

序号 登录号 条形码 馆藏地/架位号 状态 备注
1 0134025   000392872   密集书库/ [索取号:O4-44/117] 在馆    
2 0134026   000392854   密集书库/ [索取号:O4-44/117] 在馆    
3 0134027   000392845   密集书库/ [索取号:O4-44/117] 在馆    
4 0134028   001953407   密集书库/ [索取号:O4-44/117] 在馆    
5 0134029   202139998   密集书库/ [索取号:O4-44/117] 在馆    
6 0134030   000392836   第三借阅区/ [索取号:O4-44/117] 在馆    
7 0134031   000392863   密集书库/ [索取号:O4-44/117] 在馆    
8 0134032   202139970   密集书库/ [索取号:O4-44/117] 在馆    
9 0134033   000392827   第三借阅区/ [索取号:O4-44/117] 在馆    
10 0134034   202099237   第二样本阅览室/ [索取号:O4-44/117] 在馆    
唐山师范学院图书馆 欢迎您!
大连网信软件有限公司© 版权所有